Diseño, implementación y análisis de experimentos para un manual de laboratorio eléctrico 2

Sparad:
Bibliografiska uppgifter
Huvudupphovsman: Mora López, Edwin
Materialtyp: Bok
Publicerad: [San José, Costa Rica] 2007
Ämnen:
Taggar: Lägg till en tagg
Inga taggar, Lägg till första taggen!

MARC

LEADER 00000nam a2200000Ia 4500
003 001220
005 20221231144056.0
008 140114s2007 cr a 000 ||s d
040 |c cru CEDI  
090 |a TFG 5742 
100 |a Mora López, Edwin  |9 4163 
245 |a  Diseño, implementación y análisis de experimentos para un manual de laboratorio eléctrico 2  
260 |c 2007  |b [San José, Costa Rica] 
300 |a xvii, 260 hojas; ilustraciones 
500 |a Proyecto de graduación (bachillerato en ingeniería eléctrica)--Universidad de Costa Rica. Facultad de Ingeniería. Escuela de Ingeniería Eléctrica 
650 |x INGENIERÍA ELÉCTRICA   |x ELECTRONICA   |x ESTUDIO Y ENSEÑANZA   |x  MANUALES   |9 4164 
942 |c TFG 
999 |c 16517  |d 16517